000 00499nam a2200181Ia 4500
001 19179
005 20260306171725.0
008 260306s9999||||xx |||||||||||||| ||und||
041 _aESP
082 _a658.8
_bS29
100 _aSchnarch Kirberg, Alejandro
_eAUT
245 0 _aMarketing para emprendedores:
_bcómo identificar oportunidades y desarrollar empresas exitosas
260 _c2010
300 _a148 páginas :
_c24 cm.
650 _aGEN
654 _aCAN
942 _cLIB
_dJUS
_fJUS
_2ddc
_n
999 _c19179
_d19179